000 00611nam a22001817a 4500
999 _c130870
_d130870
005 20230531093914.0
008 230531b ||||| |||| 00| 0 eng d
020 _a9690016792
040 _cPK-LaUMT
082 _a891.4393
_bTAH-K
100 _aTahmeena Durrani = تہمینہ درانی
245 _aKuffar (novel) = کُفر (ناول) /
_cby Tahmeena Durrani = تہمینہ درانی ; translated by Major Aftab Ahmad = مترجم : میجر آفتاب احمد
260 _aLahore :
_bFerozsons,
_c2000
300 _a278 p.
650 _aUrdu literature
650 _aUrdu fiction
942 _cBK